U.S. Military Aircraft Nicknames - Statistics

General Stats
  • This quiz has been taken 22,145 times
    21,273 since last reset
  • The average score is 18 of 37
Answer Stats
Aircraft Nickname % Correct
F-15 Eagle
75%
A-10 Warthog / Thunderbolt
75%
F-16 Falcon / Viper
72%
F-22 Raptor
72%
F/A-18 Hornet
70%
SR-71 Blackbird
68%
F-14 Tomcat
68%
F-35 Lightning II / Joint Strike Fighter
65%
P-38 Lightning
64%
AH-64 Apache
63%
P-51 Mustang
62%
F-4 Phantom
60%
B-17 Flying Fortress
58%
C-130 Hercules
57%
CH-47 Chinook
56%
UH-60 Black Hawk
55%
B-52 Stratofortress
55%
V-22 Osprey
53%
UH-1 Iroquois / Huey
50%
B-2 Spirit
50%
B-29 Super Fortress
49%
C-5 Galaxy
48%
F-117 Nighthawk
48%
B-1 Lancer
45%
AV-8B Harrier
44%
C-17 Globemaster
42%
AH-1 Cobra
39%
F-111 Aardvark
36%
A-6 Intruder
35%
E-2 Hawkeye
30%
EA-6B Prowler
29%
SH-60 Sea Hawk
28%
U-2 Dragon Lady
27%
CH-53 Sea Stallion
27%
OH-58 Kiowa
20%
H-3 Sea King
19%
CH-46 Sea Knight / Phrog
19%
No matching quizzes found
Score Distribution
Percent of People with Each Score
Percentile by Number Answered
Your Score History
You have not taken this quiz since the last reset